Statistics for The "If It Were a Country..." Quiz

Click here to take the quiz!

General Stats

  • This quiz has been taken 329 times
  • The average score is 7 of 15

Answer Stats

If were a country...Answer% Correct
Mt. Everest will no longer be in ChinaTibet
87%
Spain would no longer border AndorraCatalonia
76%
The United Kingdom will have no bordersNorthern Ireland
74%
Vancouver would be the second largest city in CanadaQuébec
73%
It would be ruled from Parliament House in HobartTasmania
60%
There would be an eighth 'Stan' countryKurdistan
59%
It would become the first country to start with 'W'Wales
58%
It would be the smallest country in South AmericaFrench Guiana
48%
There would be a national capital beginning with 'E'Scotland
46%
The Netherlands would lose two provincesHolland
42%
Cyprus would be 100 km further from SyriaNorthern Cyprus
40%
It would take half of Georgia's coastlineAbkhazia
28%
It would be independent for the first time since 1846Texas
21%
It would be the country with the highest suicide rateGreenland
20%
There would be a sixth flag with a Union Jack on itHawai'i
9%

Score Distribution

Percentile by Number Answered

Percent of People with Each Score

Your Score History

You have not taken this quiz